000 00681nam a2200241Ia 4500
003 OSt
005 20220926020938.0
006 a|||||r|||| 00| 0
007 ta
008 220923b |||||||| |||| 00| 0 eng d
020 _a0387983058
037 _cGeneral Book
040 _aRTL
_cRTL
_beng
041 _2eng
_aeng
082 _aU25, N8
100 _aBailey Robert L
_9325428
245 0 _aEcoregions
_b The ecosystem geography of the oceans
260 _aNew York
_bSpringer-Verlag
_c1998
300 _aix, 176p Bibliography: P 153-63
_ccm.
650 _aOceanography
942 _hU25, N8
_cGB
_2CC
999 _c635290
_d635290